College Football Team Colors (Red) - Statistics

General Stats
  • This quiz has been taken 1,685 times
    1,104 since last reset
  • The average score is 38 of 57
Answer Stats
Conference Team % Correct
SEC Alabama
94%
BIG TEN Ohio State
92%
SEC Georgia
91%
BIG TEN Indiana
89%
SEC Oklahoma
87%
SEC Ole Miss
86%
SEC Arkansas
84%
BIG TEN Nebraska
84%
BIG TEN Wisconsin
84%
ACC Florida State
83%
BIG TEN Rutgers
83%
SEC South Carolina
83%
Big 12 Arizona
82%
BIG TEN USC
82%
SEC Mississippi State
81%
SEC Texas A&M
81%
BIG TEN Minnesota
79%
Big 12 Texas Tech
79%
PAC-12 Washington State
79%
Big 12 Arizona State
78%
BIG TEN Maryland
77%
ACC Stanford
77%
ACC NC State
76%
ACC Boston College
75%
Big 12 Utah
74%
Big 12 Iowa State
73%
ACC Louisville
72%
ACC Virginia Tech
72%
Big 12 Kansas
71%
Mountain West New Mexico
71%
Big 12 Houston
67%
Mountain West UNLV
67%
MAC Massachusetts
64%
Big 12 Cincinnati
63%
C-USA New Mexico State
63%
ACC SMU
63%
Mountain West San Diego State
60%
Sun Belt Louisiana
59%
Mountain West Fresno State
57%
Sun Belt Arkansas State
55%
MAC Ball State
55%
MAC Central Michigan
53%
Independent Connecticut
51%
MAC Miami (OH)
49%
MAC Northern Illinois
49%
American Temple
48%
American Florida Atlantic
47%
C-USA Western Kentucky
47%
Sun Belt Texas State
46%
C-USA Liberty
45%
C-USA Louisiana Tech
43%
Sun Belt Troy
43%
American Tulsa
43%
C-USA Jacksonville State
41%
Sun Belt Louisiana-Monroe
41%
Sun Belt South Alabama
41%
C-USA Missouri State
39%
No matching quizzes found
Score Distribution
Percent of People with Each Score
Percentile by Number Answered
Your Score History
You have not taken this quiz since the last reset